000 00494nam a2200181Ia 4500
005 20250603144632.0
008 250603s9999 xx 000 0 und d
020 _a9780323993043
050 _aTP 690.45 .C43/
100 _aEdited by Sanket, Prashant and Asheesh Kumar
245 0 _aChallenges and recent advances in sustainable oil and gas recovery and transportation
260 _aElsevier
260 _bUK
260 _c2023
300 _a510 p
650 _aElsevier
942 _cBK
999 _c39503
_d39503